• 首页
  • 本馆介绍
  • 公告通知
  • 最新文献
  • 馆藏检索
  • 电子资源
  • 读者导购
  • 参考咨询
  • 我的图书馆
  • 登录
  • 详细信息显示
  • 放入我的书架
  • 预约/预借图书
  • 作者相关作品
  • 分类相关作品
  • 丛书相关作品
  • 出版社相关作品

书目信息

  • 表格格式
  • 工作单格式
  • 卡片格式
题名:
辨伪·释疑·解惑
    
 
作者: ;中共福建省委《支部生活》编辑部 , 中共福建省委宣传部企业宣传处 编
分册:  
出版信息: 厦门   厦门大学出版社  1990.2
页数: 149页
开本: 19厘米
丛书名:
单 册:
中图分类: D602
科图分类: 32.203
主题词: 政论--中国--现代--文集
电子资源:
ISBN: 7-5615-0266-4
000 01111n|m 2200277 450
001 0102687622
005 20121116170000.0
010    @a7-5615-0266-4@dCNY1.95
011    @a7-5615-0266-4
100    @a19901113d1990 em y0chiy0110 ea
101 0  @achi
102    @aCN@b350000
105    @ay z 000cy
135    @adrbn ---auuuu
200 1  @a辨伪·释疑·解惑@9Bian Wei · Shi Yi · Jie;Xie Huo @f中共福建省委《支部生活》编辑部,中共福建省委宣传部企业宣传处编@b电子资源.图书
210    @a厦门@c厦门大学出版社@d1990.2
215    @a149页@d19厘米
325    @a电子复制品
330    @a本书内容包括:学潮反思;是“爱国”还是“卖国”;该“姓社”还是“姓资”;关于“民主”、“自由”,“人权”;论“精英”;“淡化工人阶级”的实质等八方面的杂文。
606 0  @a政论@y中国@z现代@x文集
690    @aD602
692    @a32.203
711 02 @a中共福建省委《支部生活》编辑部@9zhong gong fu jian sheng wei 《 zhi bu sheng huo 》 bian ji bu@4编
711 02 @a中共福建省委宣传部企业宣传处@9zhong gong fu jian sheng wei xuan chuan bu qi ye xuan chuan chu@4编
801  0 @aCN@bAZmarc@c20230904
905    @dD602@e3@f1@sD602/3@aBZT
    
    辨伪·释疑·解惑/中共福建省委《支部生活》编辑部,中共福建省委宣传部企业宣传处编[电子资源.图书].-厦门:厦门大学出版社,1990.2
    149页;19厘米
    
    
    ISBN 7-5615-0266-4:CNY1.95
    本书内容包括:学潮反思;是“爱国”还是“卖国”;该“姓社”还是“姓资”;关于“民主”、“自由”,“人权”;论“精英”;“淡化工人阶级”的实质等八方面的杂文。
●
相关链接 在五车中查询图书 在当当中查询图书 在豆瓣中查询图书


正题名:辨伪·释疑·解惑     索取号:D602/3         预约/预借

序号 登录号 条形码 馆藏地/架位号 状态 备注
1 2000136504   2000136504   旧书回溯/ [索取号:D602/3] 在馆    
山东省滨州职业学院图书馆 欢迎您!
大连网信软件有限公司© 版权所有